ბათუმის შოთა რუსთაველის სახელმწიფო უნივერსიტეტის ბიბლიოთეკა

ჩაი ჩვენი,ქართული. (ბიბ.ჩანაწერი № 44662)

000 -LEADER
fixed length control field 00658nam a2200193Ia 4500
001 - CONTROL NUMBER
control field 11465
003 - CONTROL NUMBER IDENTIFIER
control field GE_BSU
008 - FIXED-LENGTH DATA ELEMENTS--GENERAL INFORMATION
fixed length control field 181216s||||||||xx |||||||||||||| ||und||
040 ## - CATALOGING SOURCE
Transcribing agency GE_BSU
100 ## - MAIN ENTRY--PERSONAL NAME
Personal name დავითაშვილი,მიხეილ.
245 ## - TITLE STATEMENT
Title ჩაი ჩვენი,ქართული.
245 ## - TITLE STATEMENT
Statement of responsibility, etc. რედ:გ.ვარდოსიანიძე; მხატვ:გ.იაშვილი.
260 ## - PUBLICATION, DISTRIBUTION, ETC.
Place of publication, distribution, etc. თბილისი
260 ## - PUBLICATION, DISTRIBUTION, ETC.
Name of publisher, distributor, etc. საქ.კპ ცკ-ის გამ-ბა.
260 ## - PUBLICATION, DISTRIBUTION, ETC.
Date of publication, distribution, etc. 1966
300 ## - PHYSICAL DESCRIPTION
Extent 154გვ.21სმ.
653 ## - INDEX TERM--UNCONTROLLED
Uncontrolled term ჩაი ჩვენი,ქართული.
942 ## - ADDED ENTRY ELEMENTS (KOHA)
Koha item type წიგნი
ეგზემპლარები
Withdrawn status Lost status Damaged status Not for loan Date acquired Barcode Date last seen Price effective from Koha item type
        2018-12-17 20245 2018-12-17 2018-12-17 წიგნი
        2018-12-17 20246 2018-12-17 2018-12-17 წიგნი